000 00493nam a22001937a 4500
003 OSt
005 20140310182826.0
008 130528t xxu||||| |||| 00| 0 eng d
050 _aBF 637
_b.Y46 1993
082 _aM 158.3
_bY4 1993
245 _aCounseling a Problem-Solving Approach
_cYeo, Anthony
260 _aIndia
_bAPECA Publications
_c1993
300 _a197 p.
521 _acollege students
526 _c1210L-1700L
541 _j1
562 _e1
942 _2lcc
_cBK
_kM
999 _c16492
_d16492